Responses for Show #2149 - Thursday, December 30, 1993

Contestants

[<< previous game]

Mickie Grover, a Ph.D. candidate from Yorktown Heights, New York

Mike Cayer, a law clerk from Malden, Massachusetts

George Chesney, a small business owner from Tempe, Arizona (whose 2-day cash winnings total $16,200)

[next game >>]

Jeopardy! Round responses

THE BIBLE
SPORTS
MEDICINE
MUSIC
HOLIDAYS & OBSERVANCES
3-LETTER WORDS
    $100 1
Samson

Mike
    $100 2
horse racing

George
    $100 26
ether

Mike
    $100 16
a staff

Mike
    $100 9
Labor Day

Mickie
    $100 19
cry

Mike
    $200 3
the Ark of the Covenant

George
    $200 5
UCLA

Mike
    $200 27
(George: What is glaucoma?)

a cataract

GeorgeMike
    $200 17
"The Battle Hymn Of The Republic"

George
    $200 12
Louisiana

George
    $200 20
a jar

George
    $300 4
swords

Mike
    $300 6
Buffalo

Mike
    $300 28
a biopsy

George
    $300 18
the "Moonlight Sonata"

Mickie
    $300 13
France

George
    $300 23
an urn

George
    $500 10
Gabriel

Mickie
    $400 7
(George: Who was Bjorn Borg?)

Stefan Edberg

GeorgeMike
    $400 29
Florence Nightingale

Mickie
    $400 21
(George: What is pianissimo?)
...
(Alex: Pianissimo, I believe, is pp.)

piano

GeorgeMike
    $400 14
the chrysanthemum

George
    $400 24
yin

George
    $500 11
Sarah

George
    $500 8
the Colorado Rockies

Mike
    $500 30
the alveoli

Triple Stumper
    $500 22
a plectrum

Triple Stumper
    $500 15
Flag Day

George
    $500 25
a nit

Mickie

Scores at the first commercial break (after clue 15):

George Mike Mickie
$1,800 $1,800 $600

Scores at the end of the Jeopardy! Round:

George Mike Mickie
$2,600 $2,700 $1,800

Double Jeopardy! Round responses

ISLANDS
ART
CANADIAN ACTORS
LITERARY CLASSICS
WORLD HISTORY
POTPOURRI
    $200 10
Greece

George
    $200 22
(Andy) Warhol

George
    $200 21
Mary Pickford

Mickie
    $200 1
"The Pit and the Pendulum"

Mickie
    $200 16
Kublai Khan

Mickie
    $200 6
sheep's clothing

Mike
    $400 11
the Shetlands

George
    $400 27
Art Nouveau

Mickie
    $400 23
Prince of Tides

Mike
    $400 2
Tristram Shandy

Mickie
    $400 17
the de Medicis

Mike
    $400 7
napkins

George
    $600 12
(Mike: What is St. Thomas?)

Puerto Rico

Mike
Triple Stumper
    $600 28
the Statue of Liberty

Mickie
    $600 24
(Mickie: Who's Jack Webb?)

Dan Aykroyd

MikeMickie
    $600 3
Fitzgerald

Mickie
    $600 18
Burma

Triple Stumper
    $600 8
port

Mickie
    $800 13
(George: What is Java?)

Krakatoa

GeorgeMickie
    $800 29
The Blue Boy

George
    $800 25
(Mike: Who is Susan Burke?)

Susan Clark

Mike
Triple Stumper
    $2,000 4
"The Faerie Queen"

Mickie
    $800 19
Nasser

George
    $800 9
Princess Grace

George
    $1000 15
the Philippines

George
    $1000 30
El Greco

Mickie
    $1000 26
(Mickie: Who is Ruby Dee?)
...
(Alex: Mickey, you did the same thing Mike did a moment ago. You came up with the correct first name and then you transposed the last name.)

Ruby Keeler

Mickie
Triple Stumper
    $1000 5
[Applause for Mickie's run of the category]

The Moonstone

Mickie
    $1,400 20
(George: No.)

Verrazzano

George
    $1000 14
(Mickie: What's a marmoset?)

a squirrel monkey

MikeMickie

Scores at the end of the Double Jeopardy! Round:

George Mike Mickie
$5,000 $3,900 $7,200

[wagering suggestions for these scores]

Final Jeopardy! Round responses

SHAKESPEARE
(Alex: We're going to start with Mike, and just before I said that, Mike took a look at the clue on the board and went, "Oops." Let's find out why.)
MikeWho are Juliet & Ophelia?
$501
GeorgeWho are Juliet & Lady MacBeth?
$2,900
MickieWho were Cleopatra + Juliet
$3,000
Cleopatra & Juliet

Final scores:

George Mike Mickie
$2,100 $3,399 $10,200
3rd place: Technics stereo system 2nd place: a cruise to the Bahamas New champion: $10,200

Game dynamics:

Coryat scores:

George Mike Mickie
$6,400 $3,900 $5,900
20 R,
5 W
(including 1 DD)
16 R,
2 W
17 R
(including 2 DDs),
3 W

Combined Coryat: $16,200

[game clues] [game scores] [suggest correction]

Game tape date: 1993-09-20
The J! Archive is created by fans, for fans. Scraping, republication, monetization, and malicious use prohibited; this site may use cookies and collect identifying information. See terms. The Jeopardy! game show and all elements thereof, including but not limited to copyright and trademark thereto, are the property of Jeopardy Productions, Inc. and are protected under law. This website is not affiliated with, sponsored by, or operated by Jeopardy Productions, Inc. Join the discussion at JBoard.tv.